| 000 | 01204nam a2200217 4500 | ||
|---|---|---|---|
| 005 | 20250416115911.0 | ||
| 008 | 250416b |||||||| |||| 00| 0 eng d | ||
| 020 | _a9781517912710 | ||
| 037 | _cTextual | ||
| 040 |
_aRTL _cRTL |
||
| 084 |
_aY7v.P R4 _qRTL |
||
| 100 |
_aMiron, rose _9752332 |
||
| 245 | _aIndigenous archival activism: Mohican interventions in public history and memory | ||
| 260 |
_aMinneapolis _bUniversity of Minnerrsota press _c2024 |
||
| 300 |
_axiii, 282 p. ill. _bIncludes bibliographical reference and index |
||
| 520 | _aTracing one tribe's fifty-year fight to recover and rewrite its history, Indigenous Archival Activism takes readers into the heart of debates over who owns and has the right to tell Native American history and stories. Rose Miron tells the story of the Stockbridge-Munsee Mohican Nation and its Historical Committee, showing how their work is exemplary of how tribal archives can strategically shift how Native history is accessed, represented, written, and, most important, controlled. | ||
| 650 |
_aEthnic Studies _9751637 |
||
| 650 |
_aHistory 20th Century _9752333 |
||
| 650 |
_aAmerican Studies _9752334 |
||
| 942 |
_2CC _n0 _cTB _hY7v.P R4 |
||
| 999 |
_c1309039 _d1309039 |
||